| 000 | 00932nam a2200301Ia 4500 | ||
|---|---|---|---|
| 001 | B3419 | ||
| 003 | IT-RoPAU | ||
| 008 | 130308s9999 xx 000 0 und d | ||
| 040 | _aIT-RoPAU | ||
| 040 | _cIT-RoPAU | ||
| 041 | _aFRANCESE | ||
| 100 | _aDe Lannoy Stephan | ||
| 100 | _gCodice Aut. SPICS: 7434 | ||
| 245 | _aSemiologies mozartiennes | ||
| 245 | _bApproches de L'Opera-Approaches Of The Opera | ||
| 250 | _a1a ed. | ||
| 260 | _aPARIS | ||
| 260 | _bDidier Erudition | ||
| 260 | _c1986 [1° Ed.:1986 - Ed.Ling.Originale:1986] | ||
| 300 | _a"12 p. (prefazione: no ; testo: 12 [pagine: 273-284])" | ||
| 500 | _aSemiologie Mozartiane. drammaturgia Strehleriana di un Episodio delle Nozze di Figaro. Note Sulla messa in scena De la Clemenza di Tito da parte di Herrmann. | ||
| 650 | _aGENERI MUSICALI | ||
| 650 | _eCodice materia Spics: 7010 | ||
| 942 | _cBK | ||
| 957 | _71 | ||
| 999 |
_c59552 _d59552 |
||
| 999 | _bSI | ||
| 999 | _g1 | ||